El pasado de Osorno la gran ciudad del porvenir

Uloženo v:
Podrobná bibliografie
Hlavní autor: Sánchez Aguilera, Victor (Autor)
Médium: Kniha
Jazyk:španělština
Vydáno: Osorno, Chile Cervantes 1948
Témata:
Tagy: Přidat tag
Žádné tagy, Buďte první, kdo vytvoří štítek k tomuto záznamu!

MARC

LEADER 00000nam a2200000 a 4500
001 UCO2628
003 CL-VaPUC
005 20210804001429.0
008 000608e19480000CL |||||||||||||||||spa|d
999 |c 289132  |d 289130 
040 |c Pontificia Universidad Católica de Valparaíso 
082 0 4 |a 983.53 SAN 1948  |2 21 
100 0 |a Sánchez Aguilera, Victor  |e author  |9 446076 
245 1 3 |a El pasado de Osorno la gran ciudad del porvenir 
260 |a Osorno, Chile  |b Cervantes  |c 1948 
300 |a 319 páginas 
583 |a last modification  |c 20000608 00:00:00  |k Rodrigo Vera 
650 0 |a Ciudades  |z OSORNO  |9 265474 
650 0 |a Historia  |z OSORNO  |z CHILE  |9 255047 
852 |a BIBCUR 
942 |c BK  |2 ddc 
945 |d 20000608 00:00:00  |a crobeson 
952 |0 0  |1 0  |2 ddc  |4 0  |6 983_530000000000000_SAN_1948  |7 0  |8 X  |9 337322  |a BIBHIS  |b BIBHIS  |d 2019-11-20  |i 1293591  |o 983.53 SAN 1948  |p 1293591  |r 2024-01-30  |t 1  |w 2019-11-20  |y BK_X  |k HIS 
952 |0 0  |1 0  |2 ddc  |4 0  |6 983_530000000000000_SAN_1948  |7 0  |8 X  |9 337323  |a BIBHIS  |b BIBHIS  |d 2019-11-20  |i 1293605  |o 983.53 SAN 1948  |p 1293605  |r 2024-01-30  |t 2  |w 2019-11-20  |y BK_X  |k HIS